Can You Name 20 Braves Players - Statistics

General Stats
  • This quiz has been taken 223 times
  • The average score is 6 of 20
Answer Stats
Hint Answer % Correct
13 Ronald Acuna Jr
96%
5 Freddie Freeman
92%
1 Ozzie Albies
87%
7 Dansby Swanson
82%
54 Max Fried
72%
27 Austin Riley
63%
20 Marcell Ozuna
46%
51 Will Smith
29%
11 Ender Inciarte
24%
40 Mike Soroka
10%
22 Nick Markakis
10%
23 Adam Duvall
8%
55 Chris Martin
7%
36 Mark Melancon
3%
15 Sean Newcomb
3%
24 Adeiny Hechavarria
2%
32 Cole Hamels
2%
56 Darren O'Day
2%
61 Chad Sobaka
1%
17 Johan Comargo
1%
No matching quizzes found
Score Distribution
Percent of People with Each Score
Percentile by Number Answered
Your Score History
You have not taken this quiz